000 00765nam a2200169Ia 4500
008 090711s9999 xx 000 0 und d
082 _b56428
100 _aबापट ब. गं. / कुलकर्णी दिलीप
245 _aवैदिक गणित (भाग 4 बीजगणित)
260 _bकुलकर्णी दिलीप दत्तात्राय
_c1985
300 _a128
600 _aबापट ब. गं. / कुलकर्णी दिलीप
630 _aवैदिक गणित (भाग 4 बीजगणित)
700 _aबापट ब. गं. / कुलकर्णी दिलीप
730 _aवैदिक गणित (भाग 4 बीजगणित)
942 _cBOOK
999 _c328597
_d328597